Estados do Brasil por quantidade de municipios - Statistics

Estatísticas Gerais
  • Esse quiz foi jogado 149 vezes
  • A pontuação média é 26 de 27
Estatísticas das Respostas
Total de municípios Estado % Correto
853 Minas Gerais
99%
645 São Paulo
99%
22 Acre
98%
1 Distrito Federal
98%
62 Amazonas
97%
417 Bahia
97%
78 Espírito Santo
97%
246 Goiás
97%
141 Mato Grosso
97%
144 Pará
97%
399 Paraná
97%
92 Rio de Janeiro
97%
497 Rio Grande do Sul
97%
52 Rondônia
97%
79 Mato Grosso do Sul
96%
167 Rio Grande do Norte
96%
75 Sergipe
96%
139 Tocantins
96%
184 Pernambuco
95%
15 Roraima
95%
295 Santa Catarina
95%
16 Amapá
94%
224 Piauí
94%
102 Alagoas
93%
184 Ceará
93%
217 Maranhão
93%
223 Paraíba
93%
Nenhum quiz correspondente encontrado
Distribuição das Pontuações
Porcentagem de Pessoas com Cada Pontuação
Percentil de Números Respondidos
Sua Pontuação Histórica
Você não jogou esse quiz